| 000 | 00606nam a2200229Ia 4500 | ||
|---|---|---|---|
| 008 | 160303s9999 xx 000 0 und d | ||
| 020 | _a0-323-02389-4 | ||
| 050 | _aMAIN RC 954.4 | ||
| 050 | _b.W65 2004 | ||
| 100 | _aWold, Gloria Hoffmann | ||
| 245 | _aBasic geriartic nursing / | ||
| 245 | _cGloria Hoffmann Wold. | ||
| 250 | _a3rd Edition | ||
| 260 | _aSt. Louis, Missouri : | ||
| 260 | _bMosby. | ||
| 260 | _c2004 | ||
| 300 | _a332 pages : | ||
| 300 | _billustrations ; | ||
| 300 | _c28 cm. | ||
| 500 | _aIncludes bibliographical references and index. | ||
| 650 | _aGeriatric nursing. | ||
| 999 |
_c291053 _d291053 |
||